000 00885nam0a22002651 4500
001 rc\2768526
005 20250806203717.0
035 _a(NLR Aleph) 006894935
090 _a15695
_c15695
100 _a20110915d1941 u y0rusy50 ca
101 0 _arus
102 _aRU
105 _aa z |||||
200 1 _aПростейшие способы переработки мясных продуктов
_fГ. В. Баев, Л. Р. Корабельников
210 _aВоронеж
_cВоронежское обл. кн-во
_d1941
215 _a56 с.
_cил., табл.
_d18 см.
700 1 _aБаев
_bГ.В.
701 1 _aКорабельников
_bЛ.Р.
801 0 _aRU
_bNLR
_gpsbo
801 1 _aRU
_bELAR
_2rusmarc
852 _aNLR
_jТ66 Г-4/36
942 _cBOOK
945 _aРоссийская национальная библиотека
980 _aNB
980 _aBV